000 00539nam a2200181Ia 4500
008 090124s9999 xx 000 0 und d
082 _b42435
_a891.431
100 _a"दर्वेश इब्राहिम,"
245 _a गजल सरिता
250 _a1
260 _c1983
300 _a108
600 _a"दर्वेश इब्राहिम,"
630 _a गजल सरिता
700 _a"दर्वेश इब्राहिम,"
730 _a गजल सरिता
942 _cBOOK
999 _c108628
_d108628